| 000 | 00680cam a22002171a 4500 | ||
|---|---|---|---|
| 001 | sa 64005126 | ||
| 003 | DLC | ||
| 005 | 20260227112030.0 | ||
| 008 | 841023s1963 ii 000 0 eng | ||
| 010 | _asa 64005126 | ||
| 035 | _a(OCoLC)11298057 | ||
| 040 |
_aDLC _cVtU _dDLC |
||
| 042 | _apremarc | ||
| 050 | 0 | 0 |
_aHD876 _b.J3 |
| 245 | 0 | 0 |
_a"Lawless legislation" : _bwhy Swatantra opposes the 17th amendment? / _cedited by A.P. Jain. |
| 260 |
_aNew Delhi : _bSwatantra Party, Parliamentary Office, _c1963. |
||
| 300 |
_a75 p. ; _c22 cm. |
||
| 650 | 0 |
_aLand tenure _zIndia. |
|
| 700 | 1 |
_aJain, A. P. _q(Ajit Pershad), _d1933- |
|
| 740 | 0 | _aWhy Swatantra opposes the 17th amendment? | |
| 999 |
_c58958 _d58958 |
||